Amulet-9 (Waverider) (Record no. 12806)

MARC details
000 -LEADER
fixed length control field 00255nam a22000977a 4500
008 - FIXED-LENGTH DATA ELEMENTS--GENERAL INFORMATION
fixed length control field 250820b |||||||| |||| 00| 0 eng d
020 ## - INTERNATIONAL STANDARD BOOK NUMBER
International Standard Book Number 9789354718823
100 ## - MAIN ENTRY--PERSONAL NAME
Personal name Kibuishi Kazu
9 (RLIN) 7631
245 ## - TITLE STATEMENT
Title Amulet-9 (Waverider)
260 ## - PUBLICATION, DISTRIBUTION, ETC. (IMPRINT)
Place of publication, distribution, etc. New Delhi
Name of publisher, distributor, etc. Scholastic
Date of publication, distribution, etc. 2023
Holdings
Withdrawn status Lost status Source of classification or shelving scheme Damaged status Koha normalized classification for sorting Not for loan Home library Current library Shelving location Date acquired Total Checkouts Full call number Barcode Date last seen Date last checked out Price effective from Koha item type
    Dewey Decimal Classification   KIB_823_000000000000000   Good Samaritan School Library Good Samaritan School Library FICTION 08/20/2025 6 KIB823 KIB18184 12/08/2025 11/28/2025 08/20/2025 BOOK
    Dewey Decimal Classification   KIB_823_000000000000000   Good Samaritan School Library Good Samaritan School Library FICTION 08/20/2025 11 KIB823 KIB18183 12/08/2025 11/28/2025 08/20/2025 BOOK

Powered by Koha